| Поле | Название | Значение |
| |
Тип записи |
i |
| |
Библиографический уровень |
m |
| 001 |
Контрольный номер |
RU/IS/BASE/550860776 |
| 005 |
Дата корректировки |
20201206205052.1 |
| 010 |
Индекс ISBN |
__ |
| a |
ISBN |
978-5-9677-2316-2 (в кор.) |
| d |
Цена |
233-64 |
| 100 |
Данные общей обработки |
__ |
| a |
Данные общей обработки |
19170615d2015||||||| 0rusy0189 ca |
| 101 |
Язык документа |
0_ |
| a |
Язык текста |
rus |
| 102 |
Страна публикации |
__ |
| a |
Страна публикации |
ru |
| 105 |
Кодированные данные (монография) |
__ |
| a |
Кодированные данные (монография) |
nn|||||||f|zy |
| 127 |
Кодированные данные (звукозаписи-физические характеристики) |
__ |
| a |
Продолжительность проигрывания |
03 ч 04 мин |
| 200 |
Заглавие и сведения об ответственности |
1_ |
| a |
Заглавие |
Цветы запоздалые |
| e |
Сведения, относящиеся к заглавию |
повесть и рассказы : [12+] |
| f |
Первые сведения об ответственности |
А. П. Чехов ; [читает Илья Бобылев] |
| b |
Общее обозначение материала |
Звукозапись |
| 210 |
Выходные данные |
__ |
| a |
Место издания |
Москва |
| c |
Издательство |
1С-Паблишинг |
| d |
Дата издания |
2015 |
| 215 |
Физическое описание |
__ |
| a |
Объем |
1 электрон. опт. диск (Audio CD) |
| c |
Иллюстрации/тип воспроизводства |
mp3, stereo |
| d |
Формат |
12х14 см |
| 225 |
Серия |
__ |
| a |
Серия |
1С: Аудиокниги |
| i |
Наименование части |
Русская классика |
| 230 |
Специфическая характеристика материала: электронные ресурсы |
__ |
| a |
Обозначение и объем ресурса |
Электронные звуковые данные |
| 300 |
Общие примечания |
__ |
| a |
Общие примечания |
Заглавие с этикетки диска |
| 323 |
Примечание о главных создателях, исполнителях, участниках |
__ |
| a |
Примечание о главных создателях, исполнителях, участниках |
Бобылев, И. (читает) |
| 327 |
Примечание о содержании |
__ |
| a |
Примечание о содержании |
Скверная история |
| 327 |
Примечание о содержании |
__ |
| a |
Примечание о содержании |
Тайны ста сорока четырех катастроф, или Русский рокамболь |
| 327 |
Примечание о содержании |
__ |
| a |
Примечание о содержании |
Философские определения жизни |
| 327 |
Примечание о содержании |
__ |
| a |
Примечание о содержании |
Цветы запоздалые |
| 327 |
Примечание о содержании |
__ |
| a |
Примечание о содержании |
Ярмарка |
| 330 |
Аннотация |
__ |
| a |
Аннотация |
Сборник юмористических рассказов А. П. Чехова. |
| 333 |
Примечание о целевом назначении |
__ |
| a |
Примечание о целевом назначении |
12+. Для детей старше 12 лет |
| 337 |
Примечание о системных требованиях (электронные ресурсы) |
__ |
| a |
Примечание о системных требованиях (электронные ресурсы) |
Системные требования: CD-плеер с поддержкой MP3 или Pentium-233 с Windows XP-7,8 ; CD-ROM ; звуковая карта |
| 517 |
Другие варианты заглавия |
__ |
| a |
Другие варианты заглавия |
Скверная история |
| 517 |
Другие варианты заглавия |
__ |
| a |
Другие варианты заглавия |
Тайны ста сорока четырех катастроф, или Русский рокамболь |
| 517 |
Другие варианты заглавия |
__ |
| a |
Другие варианты заглавия |
Русский рокамболь |
| 517 |
Другие варианты заглавия |
__ |
| a |
Другие варианты заглавия |
Философские определения жизни |
| 517 |
Другие варианты заглавия |
__ |
| a |
Другие варианты заглавия |
Цветы запоздалые |
| 517 |
Другие варианты заглавия |
__ |
| a |
Другие варианты заглавия |
Ярмарка |
| 606 |
Тематические рубрики |
__ |
| a |
Основная рубрика |
Художественная литература |
| 606 |
Тематические рубрики |
__ |
| a |
Основная рубрика |
Русская литература XIX в. (произведения) |
| 610 |
Ключевые слова |
__ |
| a |
Ключевые слова |
повести |
| a |
Ключевые слова |
рассказы |
| a |
Ключевые слова |
русская классика |
| a |
Ключевые слова |
русская классическая литература |
| a |
Ключевые слова |
тема любви |
| a |
Ключевые слова |
тема чувств |
| a |
Ключевые слова |
тема юмора |
| a |
Ключевые слова |
юмористические повести |
| a |
Ключевые слова |
юмористические рассказы |
| 686 |
Индексы других классификаций |
__ |
| 2 |
Код системы |
rubbks |
| a |
Классификационный индекс |
84(2=411.2)52-4я04 |
| 700 |
Автор |
_1 |
| a |
Фамилия |
Чехов |
| b |
Имя |
А. П. |
| f |
Даты |
1860-1904 |
| g |
Полное личное имя |
Антон Павлович |
| 4 |
Код отношения |
070 |
| 801 |
Источник записи |
_0 |
| a |
Страна |
ru |
| b |
Организация |
Муниципальное бюджетное учреждение культуры "Централизованная библиотечная система" г. Сургут (Центральная городская библиотека им. А. С. Пушкина) |
| c |
Дата составления |
20170615 |
| g |
Правила каталогизации |
КиК/Апакова |
| 801 |
Источник записи |
_1 |
| a |
Страна |
ru |
| b |
Организация |
Муниципальное бюджетное учреждение культуры "Централизованная библиотечная система" г. Сургут (Центральная городская библиотека им. А. С. Пушкина) |
| c |
Дата составления |
20170615 |
| g |
Правила каталогизации |
КиК/Апакова |
| 852 |
Данные о местонахождении |
__ |
| j |
Шифр хранения |
84(2=411.2)52-4я04 |
| i |
Авторский знак |
Ч-56 |
| 901 |
Тип документа |
__ |
| t |
Тип документа |
0 |
| 903 |
Характеристики (МАРС) |
__ |
| a |
Дата передачи |
20170616 |
| 969 |
Тип издания |
__ |
| a |
Тип издания |
аудиокнига; издание для слепых |
| 990 |
Данные о заказе (DOS) |
__ |
| j |
Количество экземпляров (DOS) |
2 |
| t |
N записи в КСУ для И/У (DOS) |
201706 |